00291pam a2200121 a 4500020002400000041000500024082001100029100002600040245005700066250001100123260002700134300000800161 a978-81-245-0929-4c h a004.64 aBellamy J. C.eAuthor aDigital TelephonycBellamy J. C.hTextual Documents  a3rd ED bWiley India Pub.c2013 a643